Born in Ann Arbor/Michigan - Statistics

General Stats
  • This quiz has been taken 24 times
    19 since last reset
  • The average score is 5 of 16
Answer Stats
Hint Answer % Correct
Co-founder of Hewlett-Packard 1913 Bill Hewlett
100%
Co-creator of "Brooklyn Nine-Nine" "Parks and Recreation" and "The Good Place" 1975 Michael Schur
58%
Actress, known as Janice Rand in "Star Trek" 1930 Grace Lee Whitney
42%
Co-creator of Adobe Photoshop and chief creative officer at Industrial Light & Magic 1962 John Knoll
42%
Co-creator of Adobe Photoshop 1960 Thomas Knoll
42%
Founder of Domino's Pizza and former owner of the Detroit Tigers 1937 Tom Monaghan
42%
Senator from Hawaii since 2012 1972 Brian Schatz
33%
Writer, "The One and Only Ivan" "Animorphs" 1956 Katherine Applegate
33%
Governor of Indiana from 1981 to 1989 1917 Robert D. Orr
25%
Physicist who was awarded the Nobel Prize in Chemistry for the development of super-resolved fluoescence microscopy 1960 Eric Betzig
17%
Actor, known as Connor Walsh in "How to Get Away with Murder" 1989 Jack Falahee
17%
Administrator of NASA from 2018 to 2021 1975 Jim Bridenstine
17%
Secretary of Education from 2005 to 2009 1957 Margaret Spellings
17%
Comedian, correspondent of "The Daily Show" and former tennis player 1979 Michael Kosta
17%
Chinese-American physicist who received the Nobel Prize in 1976 1936 Samuel C. C. Ting
17%
Virologist who was awared the Nobel Prize in Physiology or Medicine in 1954 1915 Thomas Huckle Weller
17%
No matching quizzes found
Score Distribution
Percent of People with Each Score
Percentile by Number Answered
Your Score History
You have not taken this quiz since the last reset